Catálogo
 En Linea

Producción animal / (Registro nro. 21026)

Detalles MARC
000 -CABECERA
campo de control de longitud fija 01014nam a2200265 a 4500
001 - NÚMERO DE CONTROL
campo de control 000021526
005 - FECHA Y HORA DE LA ÚLTIMA TRANSACCIÓN
campo de control 20240517193337.0
008 - DATOS DE LONGITUD FIJA--INFORMACIÓN GENERAL
campo de control de longitud fija 100908s1973 sp ab r 001 0 spa d
020 ## - NÚMERO INTERNACIONAL ESTÁNDAR DEL LIBRO
Número Internacional Estándar del Libro 8420003107
040 ## - FUENTE DE LA CATALOGACIÓN
Centro catalogador/agencia de origen DO-SdBNP
Lengua de catalogación spa
Centro/agencia transcriptor BNPHU
041 17 - CÓDIGO DE LENGUA
Código de lengua del texto/banda sonora o título independiente spa
Código de lengua original eng
Fuente del código Código de idioma MARC
082 ## - NÚMERO DE LA CLASIFICACIÓN DECIMAL DEWEY
Número de clasificación 636.08
Número de documento/Ítem C689p, 1973
049 ## - FONDOS LOCALES (OCLC)
Fondos de biblioteca BNGR
100 1# - ENTRADA PRINCIPAL--NOMBRE DE PERSONA
Nombre de persona Cole, H. H.,
9 (RLIN) 44871
240 10 - TÍTULO UNIFORME
Título uniforme Introduction to livestock production, including dairy and poultry.
Lenguaje de la obra Español.
245 10 - MENCIÓN DE TÍTULO
Título Producción animal /
Mención de responsabilidad, etc. H. H. Cole ; traducido del inglés por el Dr. Jaime Esaín Escobar.
250 ## - MENCIÓN DE EDICIÓN
Mención de edición 2a ed.
260 ## - PUBLICACIÓN, DISTRIBUCIÓN, ETC.
Lugar de publicación, distribución, etc. Zaragoza, España :
Nombre del editor, distribuidor, etc. Acribia,
Fecha de publicación, distribución, etc. 1973.
300 ## - DESCRIPCIÓN FÍSICA
Extensión 898 p. :
Otras características físicas il., mapas ;
Dimensiones 24 cm.
534 ## - NOTA SOBRE LA VERSIÓN ORIGINAL
Frase introductoria Título original en inglés:
Mención de título del original Introduction to livestock production, including dairy and poultry.
Publicación, distribución, etc. del original San Francisco, California : W. H. Freeman and Company.
500 ## - NOTA GENERAL
Nota general Incluye índice
650 #4 - PUNTO DE ACCESO ADICIONAL DE MATERIA--TÉRMINO DE MATERIA
Término de materia o nombre geográfico como elemento de entrada Producción animal
9 (RLIN) 1550
650 #0 - PUNTO DE ACCESO ADICIONAL DE MATERIA--TÉRMINO DE MATERIA
Término de materia o nombre geográfico como elemento de entrada Ganedería
9 (RLIN) 2464
700 1# - PUNTO DE ACCESO ADICIONAL--NOMBRE DE PERSONA
Nombre de persona Esaín Escobar, Jaime,
Término indicativo de función/relación tr.
9 (RLIN) 44872
Existencias
Estado de retiro Estado de pérdida Restricciones de uso No para préstamo Código de colección Localización permanente Ubicación/localización actual Ubicación en estantería Fecha de adquisición Número de inventario Total de préstamos Signatura topográfica completa Código de barras Fecha visto por última vez Precio válido a partir de Tipo de ítem Koha
    Préstamo interno   Monografías: Libros y Folletos General General En catalogación 08.09.2010 LF1   636.08 C689p, 1973 21526-10 25.06.2020 25.06.2020 Préstamo interno

Con tecnología Koha